| 000 | 00429nam a22001217a 4500 | ||
|---|---|---|---|
| 082 | _a200 THE | ||
| 100 |
_aDANISH RAUF _972702 |
||
| 245 | _aTH-SOF-0832-IMPLEMENTATION OF JUST-IN-TIME MANAGEMENT SYSTEM IN MANUFACTURING INDUSTRY OF PAKISTAN AND THE VARIOUS RISK INVOLVE IN IT | ||
| 260 |
_aISLAMABAD _bNUST COLLEGE OF EME _c2013 |
||
| 650 |
_a MS-EM-6 MSTHESIS _970416 |
||
| 700 | _aSUPERVISOR DR AKHTAR NAWAZ MALIK | ||
| 942 | _cCF | ||
| 999 |
_c578697 _d578697 |
||